| 000 | 00493nam a2200181Ia 4500 | ||
|---|---|---|---|
| 001 | 16620 | ||
| 005 | 20260306170323.0 | ||
| 008 | 260306t2020||||xx |||||||||||||| ||und|| | ||
| 041 | _aESP | ||
| 082 |
_a348.8 _bR47 |
||
| 100 |
_aReyes Puchuri, Victoria Rumalda _eAUT |
||
| 245 | 0 |
_aDeducciones adicionales de las 3UIT en las rentas del trabajo: _baplicación práctica |
|
| 260 | _c2020 | ||
| 300 |
_a47 páginas : _c24 cm. |
||
| 650 | _aGEN | ||
| 654 | _aCDE | ||
| 942 |
_cLIB _dJUS _fJUS _2ddc _n |
||
| 999 |
_c16620 _d16620 |
||